| 000 | 00910nam a22002057a 4500 | ||
|---|---|---|---|
| 999 |
_c7384 _d7384 |
||
| 003 | AR-CdUCM | ||
| 008 | 190320b ||||| |||| 00| 0 spa d | ||
| 040 |
_aMUNICIPALIDAD PROVINCIAL DEL CUSCO _cBIBLIOTECA MUNICIPAL DEL CUSCO |
||
| 082 |
_a541.2 / _bH22 |
||
| 100 |
_aHarrison G, Russell _920807 |
||
| 245 |
_aÁtomos en Accion : _bEl mundo de la Física Creadora / |
||
| 260 |
_aArgentina : _bSudamericana , _c1944. |
||
| 300 |
_a366 páginas ; _c20.2 cm. |
||
| 505 | _aContenido : La energia domada -- Cuando la fisica va a la granja -- El sonido cabalga en el alambre -- El vidrio mas precioso que los rubies -- Luz para un mindo viviente -- El electrón rescatado - el sonido se pone alas -- ojos que ven a travéz de los átomos... | ||
| 650 |
_aLiteratura Cientifica _920808 |
||
| 650 |
_aAnecdotas Cientificos _920809 |
||
| 650 |
_aCiencias y Literatura _920810 |
||
| 942 |
_2ddc _cLIBROS |
||
| 945 | _artm | ||